César Navarro, vida y testimonio de un francmasón : (Record no. 186190)
[ view plain ]
| 000 -LEADER | |
|---|---|
| campo de control de longitud fija | 01584nam a2200349 i 4500 |
| 001 - NÚMERO DE CONTROL | |
| campo de control | 186190 |
| 003 - IDENTIFICADOR DE NÚMERO DE CONTROL | |
| campo de control | SpMaBN |
| 005 - FECHA Y HORA DE LA ÚLTIMA TRANSACCIÓN | |
| campo de control | 20250731034212.0 |
| 008 - DATOS DE LONGITUD FIJA--INFORMACIÓN GENERAL | |
| campo de control de longitud fija | 160915s2016 sp ao 001 0bspa d |
| 017 ## - NÚMERO DE COPYRIGHT O DE DEPÓSITO LEGAL | |
| Número de copyright o de depósito legal | GU 3-2016 |
| Agencia que asigna | Oficina Depósito Legal Guadalajara |
| 020 ## - NÚMERO INTERNACIONAL ESTÁNDAR DEL LIBRO | |
| Número Internacional Estándar del Libro | 9788496862692 |
| 040 ## - FUENTE DE CATALOGACIÓN | |
| Centro/agencia transcriptor | SpMaBN |
| 080 ## - NÚMERO DE LA CLASIFICACIÓN DECIMAL UNIVERSAL | |
| Número de la Clasificación Decimal Universal | 929 Navarro, César (047.53) |
| 100 1# - ENTRADA PRINCIPAL--NOMBRE DE PERSONA | |
| Nombre de persona | Navarro de Francisco, César, |
| Fechas asociadas al nombre | 1932- |
| 9 (RLIN) | 85113 |
| Término indicativo de función/relación | Entrevistado |
| 245 10 - MENCIÓN DEL TÍTULO | |
| Título | César Navarro, vida y testimonio de un francmasón : |
| Resto del título | el hombre enamorado de la libertad / |
| Mención de responsabilidad, etc. | Enriqueta de la Cruz. |
| 260 ## - PUBLICACIÓN, DISTRIBUCIÓN, ETC. | |
| Lugar de publicación, distribución, etc. | [Guadalajara] : |
| Nombre del editor, distribuidor, etc. | Silente, |
| Fecha de publicación, distribución, etc. | [2016] |
| 300 ## - DESCRIPCIÓN FÍSICA | |
| Extensión | 207 páginas : |
| Otras características físicas | ilustraciones (blanco y negro) ; |
| Dimensiones | 25 cm |
| 490 1# - MENCIÓN DE SERIE | |
| Mención de serie | Silente memoria histórica |
| 500 ## - NOTA GENERAL | |
| Nota general | Índice |
| 505 ## - NOTA DE CONTENIDO CON FORMATO | |
| Nota de contenido con formato | El Ateneo Científico, Literario y Artístico: la conferencia de Marco Polo ; El ideal de la humanidad es una obra de Krause [con referencias al Ateneo] |
| 600 14 - PUNTO DE ACCESO ADICIONAL DE MATERIA--NOMBRE DE PERSONA | |
| Nombre de persona | Navarro de Francisco, César, |
| Fechas asociadas al nombre | 1932- |
| 9 (RLIN) | 85113 |
| 610 24 - PUNTO DE ACCESO ADICIONAL DE MATERIA--NOMBRE DE ENTIDAD CORPORATIVA | |
| Nombre de entidad corporativa o nombre de jurisdicción como elemento de entrada | Ateneo de Madrid- |
| Subdivisión de forma | Historia- |
| -- | Relatos personales |
| 9 (RLIN) | 1926 |
| 655 #0 - TERMINO DE INDIZACIÓN--GENERO/FORMA | |
| 9 (RLIN) | 234232 |
| Datos o término principal de género/forma | Entrevistas |
| 700 1# - ENTRADA AGREGADA--NOMBRE PERSONAL | |
| Nombre de persona | Cruz, Enriqueta de la, |
| Fechas asociadas al nombre | 1959- |
| Término indicativo de función/relación | Entrevistador |
| 9 (RLIN) | 152149 |
| 830 1# - PUNTO DE ACCESO ADICIONAL DE SERIE-TÍTULO UNIFORME | |
| Título uniforme | Silente memoria histórica |
| 9 (RLIN) | 191407 |
| 852 ## - LOCALIZACIÓN | |
| Ubicación | ES-MaACL |
| Sublocalización o colección | R.154399 |
| Ubicación en estantería | Depósito J |
| Donativo/Legado | Donación: Editorial |
| Número de control de estantería | N-8403/Ej.3 |
| Nota libre | X-30 |
| -- | Duplicado |
| itemnumber | 200080 |
| 852 ## - LOCALIZACIÓN | |
| Ubicación | ES-MaACL |
| Sublocalización o colección | R.151216 |
| Ubicación en estantería | Depósito 1 |
| Signatura antigua | Olim: N-6945 |
| Donativo/Legado | Donación: Editorial |
| Número de control de estantería | A-13945 |
| itemnumber | 193244 |
| 852 ## - LOCALIZACIÓN | |
| Ubicación | ES-MaACL |
| Ubicación en estantería | Depósito J |
| Donativo/Legado | Donación: Editorial |
| Número de control de estantería | N-8221/Ej.2 |
| Nota libre | X-30 |
| -- | Duplicado |
| itemnumber | 193243 |
| 942 ## - ELEMENTOS DE ENTRADA SECUNDARIOS (KOHA) | |
| Tipo de ítem Koha | Libro impreso |
| Suprimir en OPAC | No |
| Estatus retirado | Estado de pérdida | Fuente del sistema de clasificación o colocación | Estado de daño | Restricciones de uso | No para préstamo | Biblioteca de origen | Biblioteca actual | Ubicación en estantería | Fecha de adquisición | Fuente de adquisición | Número de control de estantería | Total de préstamos | Signatura topográfica completa | Código de barras | Visto por última vez | Tipo de ítem Koha |
|---|---|---|---|---|---|---|---|---|---|---|---|---|---|---|---|---|
| Clasificación decimal universal | Duplicado | Biblioteca del Ateneo de Madrid | Biblioteca del Ateneo de Madrid | Depósito J | 02/11/2022 | Donación | Ateneísta | N-8221/Ej.2 | 101206690 | 23/02/2023 | Libro impreso | |||||
| Clasificación decimal universal | Biblioteca del Ateneo de Madrid | Biblioteca del Ateneo de Madrid | Depósito 1 | 15/09/2016 | Donación | Ateneísta | A-13945 | 1196300 | 23/02/2023 | Libro impreso | ||||||
| Clasificación decimal universal | Duplicado | Biblioteca del Ateneo de Madrid | Biblioteca del Ateneo de Madrid | Depósito J | 22/05/2023 | Donación | Ateneísta | N-8403/Ej.3 | 101205783 | 22/05/2023 | Libro impreso |
